Analysis of the degree of openness of the japanese market
Uloženo v:
| Médium: | Kniha |
|---|---|
| Jazyk: | Undetermined |
| Vydáno: |
Japan
Japan Economic Research Institute
1984
|
| Témata: | |
| Tagy: |
Přidat tag
Žádné tagy, Buďte první, kdo otaguje tento záznam!
|
| Thư viện lưu trữ: | Trung tâm Học liệu Trường Đại học Cần Thơ |
|---|
| LEADER | 00419nam a2200145Ia 4500 | ||
|---|---|---|---|
| 001 | CTU_79669 | ||
| 008 | 210402s9999 xx 000 0 und d | ||
| 082 | |a 380.1 | ||
| 082 | |b A532 | ||
| 245 | 0 | |a Analysis of the degree of openness of the japanese market | |
| 260 | |a Japan | ||
| 260 | |b Japan Economic Research Institute | ||
| 260 | |c 1984 | ||
| 650 | |a Markets | ||
| 980 | |a Trung tâm Học liệu Trường Đại học Cần Thơ | ||